[Event "AUTO-OPEN-4384"]
[Site "http://www.queenalice.com/game.php?id=1810505"]
[Date "2023.4.23"]
[Round "3"]
[White "somchess"]
[Black "gmxian89"]
[Result "0-1"]
[WhiteElo "2324"]
[BlackElo "2548"]

1. d4 Nf6 2. c4 e6 3. Nf3 d5 4. e3 Be7 5. Nc3 O-O 6. Bd3 dxc4 7. Bxc4 a6 8. a4
c5 9. O-O Nc6 10. d5 Nxd5 11. Nxd5 exd5 12. Qxd5 Na5 13. Qxd8 Rxd8 14. Ba2 b5
15. e4 c4 16. Be3 Nc6 17. Bb6 Re8 18. e5 Bg4 19. Bb1 b4 20. Be4 Rac8 21. a5 c3
22. bxc3 bxc3 23. Rac1 Bb4 0-1

[Event "AUTO-OPEN-4384"]
[Site "http://www.queenalice.com/game.php?id=1810506"]
[Date "2023.4.23"]
[Round "3"]
[White "gmxian89"]
[Black "somchess"]
[Result "1-0"]
[WhiteElo "2503"]
[BlackElo "2314"]

1. e4 c5 2. Nf3 Nc6 3. d4 cxd4 4. Nxd4 e5 5. Nb5 d6 6. c4 Nf6 7. N5c3 Be7 8. Be2
Nd4 9. O-O O-O 10. Be3 Nc6 11. Na3 a6 12. f3 Be6 13. Kh1 Nh5 14. g3 Nf6 15. Nd5
Bh3 16. Rg1 Nxd5 17. cxd5 Nd4 18. g4 Nxe2 19. Qxe2 Bh4 20. Bf2 Rc8 21. Nc2 Qg5
22. Bxh4 Qxh4 23. Ne3 g6 24. Nd1 Rc5 25. Qf2 Qh6 26. Qg3 Rc2 27. Nf2 Qe3 28.
Nxh3 Rfc8 29. Rab1 Re2 30. Rge1 Rcc2 31. Ng1 Rxe1 32. Rxe1 Qd4 33. f4 exf4 34.
Qxf4 1-0

[Event "AUTO-OPEN-4381"]
[Site "http://www.queenalice.com/game.php?id=1810897"]
[Date "2023.4.29"]
[Round "3"]
[White "gmxian89"]
[Black "zhiii00"]
[Result "1-0"]
[WhiteElo "2523"]
[BlackElo "2296"]

1. e4 c5 2. Nf3 Nc6 3. Bb5 Nf6 4. Nc3 Nd4 5. e5 Nxb5 6. Nxb5 Nd5 7. O-O a6 8. c4
Nc7 9. Nxc7+ Qxc7 10. d4 cxd4 11. Qxd4 e6 12. Rd1 Bc5 13. Qg4 Kf8 14. Be3 b6 15.
Bxc5+ bxc5 16. Ng5 h6 17. Nxf7 1-0

[Event "AUTO-OPEN-4381"]
[Site "http://www.queenalice.com/game.php?id=1810898"]
[Date "2023.4.29"]
[Round "3"]
[White "zhiii00"]
[Black "gmxian89"]
[Result "0-1"]
[WhiteElo "2286"]
[BlackElo "2544"]

1. d4 d5 2. c4 c6 3. Nf3 e6 4. e3 Nf6 5. Nc3 Nbd7 6. Bd3 dxc4 7. Bxc4 b5 8. Bd3
b4 9. Na4 c5 10. Nxc5 Nxc5 11. dxc5 Bxc5 12. O-O Bb7 13. Bb5+ Ke7 14. Qe2 Qb6
15. a3 a5 16. a4 Ne4 17. Nd2 Nxd2 18. Bxd2 Rhd8 19. Rfd1 h6 20. Be1 Qc7 21. Rxd8
Rxd8 22. Rd1 Rxd1 23. Qxd1 Bd6 24. h3 Bh2+ 25. Kf1 Be5 26. Qb1 Bf6 27. f4 Kf8
28. b3 g5 29. Bd2 gxf4 30. exf4 Qc5 31. Qd3 Qd5 0-1

[Event "AUTO-MASTER-3126"]
[Site "http://www.queenalice.com/game.php?id=1815895"]
[Date "2023.7.8"]
[Round "2"]
[White "gmxian89"]
[Black "somchess"]
[Result "1-0"]
[WhiteElo "2498"]
[BlackElo "2335"]

1. e4 c5 2. Nf3 e6 3. d4 cxd4 4. Nxd4 a6 5. Bd3 Qc7 6. Qe2 Nf6 7. O-O Nc6 8.
Nxc6 bxc6 9. e5 Nd5 10. Rd1 c5 11. c4 Nb4 12. Bf4 Bb7 13. Nc3 Be7 14. Ne4 Nxd3
15. Rxd3 O-O 16. Rad1 Bc6 17. Rh3 1-0

[Event "AUTO-MASTER-3126"]
[Site "http://www.queenalice.com/game.php?id=1815898"]
[Date "2023.7.8"]
[Round "2"]
[White "gmxian89"]
[Black "MLSChess"]
[Result "0-1"]
[WhiteElo "2511"]
[BlackElo "2519"]

1. e4 e5 2. Nf3 Nc6 3. Bb5 Nf6 4. O-O Nxe4 5. d4 Nd6 6. Bxc6 dxc6 7. dxe5 Nf5 8.
Qxd8+ Kxd8 9. Nc3 Ke8 10. h3 h5 11. Bf4 Be6 12. Ng5 Rh6 13. Rad1 Bb4 14. g4 Ne7
15. Nxe6 Rxe6 16. Ne2 Ng6 17. Bh2 Nxe5 18. Nd4 Re7 19. gxh5 g6 20. Bg3 Kf8 21.
Bh4 Ree8 22. hxg6 fxg6 23. Kg2 Nc4 24. Nxc6 Nxb2 25. Rd4 Bd6 26. Na5 b6 27. Nb7
Be7 28. Bxe7+ Kxe7 29. Rb1 Rab8 30. Rxb2 Rxb7 0-1

[Event "AUTO-MASTER-3126"]
[Site "http://www.queenalice.com/game.php?id=1815899"]
[Date "2023.7.8"]
[Round "2"]
[White "MLSChess"]
[Black "gmxian89"]
[Result "1-0"]
[WhiteElo "2527"]
[BlackElo "2503"]

1. e4 c5 2. Nf3 Nc6 3. Bb5 g6 4. O-O Bg7 5. Bxc6 bxc6 6. Re1 Qc7 7. c3 d6 8. d4
cxd4 9. cxd4 Nf6 10. Nc3 O-O 11. Be3 c5 12. dxc5 dxc5 13. Qa4 Be6 14. h3 h6 15.
Qc2 Rfc8 16. Rac1 Qb7 17. Red1 Rab8 18. Bf4 Ra8 19. Be5 Kh7 20. Ne1 a5 21. f4 a4
22. Nf3 Bd7 23. a3 Bc6 24. Re1 Rd8 25. Re3 Kg8 26. Rce1 c4 27. Na2 Rac8 28. Nb4
Qb6 29. Kh2 Nh5 30. Rc3 Bxe5 31. fxe5 1-0

[Event "AUTO-ELITE-2437"]
[Site "http://www.queenalice.com/game.php?id=1824606"]
[Date "2023.11.4"]
[Round "2"]
[White "X128"]
[Black "gmxian89"]
[Result "1/2-1/2"]
[WhiteElo "2639"]
[BlackElo "2547"]

1. d4 d5 2. c4 c6 3. Nf3 Nf6 4. e3 Bf5 5. Nc3 e6 6. Nh4 Bg6 7. Nxg6 hxg6 8. Bd2
Nbd7 9. Qb3 Qc7 10. g3 Be7 11. cxd5 exd5 12. Bd3 a5 13. Qc2 O-O 14. O-O Rfe8 15.
a3 Qd8 16. Ne2 Rc8 17. Kg2 b5 18. Rfc1 g5 19. h3 g6 20. Rh1 Ne4 21. Bxe4 dxe4
22. Qxe4 Bb4 23. Qc2 Bxd2 24. Qxd2 Ne5 25. Qc2 Nc4 26. Rhd1 Qd5+ 27. Kh2 Kg7 28.
b3 Nd6 29. Nc3 Qe6 30. Kg2 Rh8 31. Rh1 c5 32. d5 Qe5 33. Qd3 b4 34. axb4 axb4
35. Ne2 Ne4 36. f3 Nd6 37. e4 Ra8 38. Rxa8 Rxa8 39. Rc1 Ra5 40. Rc2 f5 41. Qe3
fxe4 42. fxe4 Ra1 43. Rxc5 Nf5 44. Qf3 Ra2 45. Rc8 Nxg3 46. Qf8+ Kh7 47. Qf7+
Kh6 48. Qf8+ Kh7 49. Qg8+ Kh6 1/2-1/2

[Event "AUTO-ELITE-2437"]
[Site "http://www.queenalice.com/game.php?id=1824607"]
[Date "2023.11.4"]
[Round "2"]
[White "gmxian89"]
[Black "X128"]
[Result "1/2-1/2"]
[WhiteElo "2545"]
[BlackElo "2629"]

1. e4 c5 2. Nf3 d6 3. d4 cxd4 4. Nxd4 Nf6 5. Nc3 a6 6. f3 e5 7. Nb3 Be6 8. Be3
h5 9. Qd2 Nbd7 10. O-O-O Be7 11. Kb1 Rc8 12. h3 b5 13. Bd3 h4 14. f4 Qc7 15.
Rhe1 O-O 16. a3 Nc5 17. Nxc5 dxc5 18. fxe5 b4 19. axb4 cxb4 20. exf6 bxc3 21.
Qxc3 Qxc3 22. bxc3 Bxf6 23. Bd4 Rb8+ 24. Kc1 Bg5+ 25. Be3 Bxe3+ 26. Rxe3 a5 27.
Be2 Rfc8 28. Rd4 Rc5 29. Kd2 Rg5 30. Bf3 Rc5 31. Bg4 Bxg4 32. hxg4 Ra8 33. Rd5
Rc4 34. Rd4 Rc5 35. Rh3 a4 36. Rxh4 a3 37. Rh1 a2 38. Ra1 Rg5 39. Kc1 Rxg4 40.
Kb2 Rxg2 41. Rxa2 Rxc2+ 42. Kxc2 1/2-1/2

[Event "AUTO-ELITE-2437"]
[Site "http://www.queenalice.com/game.php?id=1824610"]
[Date "2023.11.4"]
[Round "2"]
[White "gmxian89"]
[Black "Sexxy_Bunny"]
[Result "1/2-1/2"]
[WhiteElo "2508"]
[BlackElo "2747"]

1. e4 c5 2. Nf3 d6 3. d4 cxd4 4. Nxd4 Nf6 5. Nc3 a6 6. Be3 e5 7. Nb3 Be6 8. f3
h5 9. Nd5 Bxd5 10. exd5 Nbd7 11. Qd2 g6 12. O-O-O Nb6 13. Qa5 Bh6 14. Bxh6 Rxh6
15. Qd2 Rh8 16. f4 exf4 17. Qxf4 Kf8 18. Bd3 Kg7 19. Nd4 Re8 20. Ne6+ fxe6 21.
Qg5 Ne4 22. Qxd8 Raxd8 23. Bxe4 Nxd5 24. Bxd5 exd5 25. Rxd5 Re2 26. Rd2 Rxd2 27.
Kxd2 Rf8 28. Ke2 Rf5 29. Rf1 Rxf1 30. Kxf1 Kf6 31. Ke2 Ke5 32. Ke3 g5 33. a4 d5
34. c3 b6 35. Kd3 Ke6 36. Kc2 Kf5 37. Kd3 Ke6 38. Ke3 Ke5 39. h3 Kd6 40. Kd3 Kc5
41. g3 h4 42. g4 Kc6 43. Kc2 Kd7 44. Kd3 Ke6 45. Ke2 Ke5 46. Ke3 Ke6 47. Kd3 Ke5
48. Ke3 1/2-1/2

[Event "AUTO-ELITE-2437"]
[Site "http://www.queenalice.com/game.php?id=1824611"]
[Date "2023.11.4"]
[Round "2"]
[White "Sexxy_Bunny"]
[Black "gmxian89"]
[Result "1/2-1/2"]
[WhiteElo "2752"]
[BlackElo "2513"]

1. e4 c5 2. Nf3 Nc6 3. d4 cxd4 4. Nxd4 e5 5. Nb5 Nf6 6. N1c3 d6 7. Bg5 a6 8. Na3
b5 9. Nd5 Be7 10. Bxf6 Bxf6 11. c3 Rb8 12. Nc2 Bg5 13. a4 bxa4 14. Ncb4 Bd7 15.
Bxa6 Nxb4 16. Nxb4 Qa5 17. Qxd6 Rb6 18. Qd3 Be6 19. O-O O-O 20. Bc4 Rd8 21. Bd5
Bxd5 22. Nxd5 Rxb2 23. c4 Ra8 24. Qg3 h6 25. h4 Bf4 26. Qa3 Rb3 27. Qd6 a3 28.
c5 a2 29. Ne7+ Kh8 30. c6 Rd8 31. Rxa2 Qb6 32. Nd5 Rxd6 33. Nxb6 Rxc6 34. Nd7 g5
35. hxg5 Rb7 36. Nf6 Bxg5 37. Nh5 Rb4 38. f3 Rcb6 39. Ra5 R6b5 40. Raa1 Kh7 41.
Ng3 Be3+ 42. Kh1 Rb2 43. Nf5 Bf4 44. Ra7 Rb1 45. Ra1 Rxa1 46. Rxa1 Rc5 47. Kg1
Rc8 48. g3 Rc1+ 49. Rxc1 Bxc1 50. Ne7 Ba3 51. Nf5 Kg6 52. Kh2 h5 53. Ne3 Bd6 54.
Nf5 Bc7 55. Kh3 Kg5 56. Kh2 Kg6 57. Ne7+ Kh6 58. Nd5 Bd6 59. Ne3 Kg5 60. Nf5 Bf8
61. Kg2 Bb4 62. Kh2 Bc5 63. Kh3 Bf8 64. Nh4 Kf6 65. Ng2 Bc5 66. Kh4 Bf2 67. Kh3
Kg5 68. Nh4 Bb6 69. Kg2 Be3 70. Nf5 Ba7 71. Nd6 Kg6 72. Kh3 Bb8 73. Nb7 Kh6 74.
Nd8 Kg6 75. Nc6 Bc7 76. Kh4 Bd6 77. g4 hxg4 78. Kxg4 Kf6 1/2-1/2

[Event "AUTO-ELITE-2442"]
[Site "http://www.queenalice.com/game.php?id=1835080"]
[Date "2024.4.13"]
[Round "2"]
[White "Sexxy_Bunny"]
[Black "gmxian89"]
[Result "1/2-1/2"]
[WhiteElo "2705"]
[BlackElo "2537"]

1. e4 c5 2. Nf3 Nc6 3. d4 cxd4 4. Nxd4 e6 5. Nc3 Qc7 6. Be3 a6 7. Qd2 Nf6 8.
O-O-O Be7 9. f3 b5 10. g4 Nxd4 11. Bxd4 Bb7 12. g5 Nh5 13. Be5 Qxe5 14. Qxd7+
Kf8 15. Qxb7 Bxg5+ 16. Kb1 Qb8 17. Rd7 Qxb7 18. Rxb7 Bf6 19. a4 Bxc3 20. bxc3
bxa4 21. Bxa6 Nf4 22. Bb5 g5 23. c4 Ne2 24. c5 Nc3+ 25. Kb2 Nxb5 26. Rxb5 a3+
27. Ka2 Kg7 28. Rd1 Kf6 29. Rd3 h5 30. c6 Ra6 31. e5+ Kg7 32. Rc5 Rc8 33. c7 Ra7
34. Rd7 Rb7 35. h3 Ra8 36. Rc3 Rc8 37. Rc6 Rb2+ 38. Kxa3 Rb7 39. Rc4 Kg6 40. Re7
Rb1 41. Ka2 Rb6 42. Ka3 Rb1 43. Ra4 Rb7 44. Rc4 Rb1 1/2-1/2

[Event "AUTO-ELITE-2442"]
[Site "http://www.queenalice.com/game.php?id=1835081"]
[Date "2024.4.13"]
[Round "2"]
[White "gmxian89"]
[Black "Sexxy_Bunny"]
[Result "0-1"]
[WhiteElo "2546"]
[BlackElo "2725"]

1. e4 c5 2. Nf3 d6 3. Nc3 Nf6 4. d4 cxd4 5. Nxd4 a6 6. f3 e5 7. Nb3 Be6 8. Be3
h5 9. Nd5 Bxd5 10. exd5 Nbd7 11. Qd2 g6 12. O-O-O Nb6 13. Qa5 Bh6 14. Bxh6 Rxh6
15. Qd2 Rh8 16. Kb1 Rc8 17. Na5 Qc7 18. c4 Kf8 19. Rc1 Kg7 20. Bd3 Nbd7 21. Bc2
Qb6 22. Qe2 Qxa5 23. g4 h4 24. Rhf1 Rhe8 25. Rfd1 Nf8 26. Bd3 Qd8 27. a4 N6d7
28. Rg1 Qg5 29. Qf2 b6 30. Bf5 Kg8 31. b3 b5 32. cxb5 axb5 33. Be4 bxa4 34. b4
Qf4 35. Rc6 Rb8 36. Qe1 Nc5 37. Rf1 Nxe4 38. fxe4 Rxb4+ 39. Ka1 Rxe4 40. Qf2
Qxf2 41. Rxf2 Rxg4 42. Rxd6 e4 43. Re2 e3 44. Rf6 Rd4 45. Rf3 Rd3 46. Kb2 a3+
47. Ka2 Rd2+ 48. Rxd2 exd2 49. Rd3 Re2 50. Kxa3 Re3 51. Rxe3 d1=Q 52. Rh3 g5 53.
Rc3 Qxd5 54. Kb4 Qd2 55. h3 Ne6 56. Kc4 Kg7 57. Rb3 Qd4+ 58. Kb5 Nc7+ 59. Ka5
Nd5 60. Rb1 Qd2+ 61. Kb5 Nc3+ 62. Kb4 Nxb1+ 63. Kc4 g4 64. hxg4 h3 65. g5 h2 66.
Kc5 h1=Q 67. Kb6 Qxg5 68. Kc7 Qe7+ 69. Kb6 Qhb7+ 70. Ka5 Qa3# 0-1

[Event "AUTO-ELITE-2442"]
[Site "http://www.queenalice.com/game.php?id=1835082"]
[Date "2024.4.13"]
[Round "2"]
[White "X128"]
[Black "gmxian89"]
[Result "1/2-1/2"]
[WhiteElo "2641"]
[BlackElo "2549"]

1. e4 c5 2. Nf3 Nc6 3. Bb5 e6 4. Bxc6 bxc6 5. d3 Qc7 6. O-O e5 7. c3 Ne7 8. d4
d6 9. dxc5 dxc5 10. c4 Ng6 11. Ne1 Be6 12. b3 Rd8 13. Qc2 Be7 14. Bb2 Bc8 15.
Nd3 O-O 16. Nc3 Rd4 17. f3 Rfd8 18. Rad1 Qd6 19. Nf2 Nf4 20. Bc1 Bh4 21. Be3 Bg5
22. Bxf4 exf4 23. Ne2 Rd2 24. Qc3 Be6 25. Rfe1 Bf6 26. Qa5 Bh4 27. e5 Bxf2+ 28.
Kxf2 Qd7 29. Rxd2 Qxd2 30. Qxd2 Rxd2 31. Kf1 g5 32. Nc3 Bf5 33. Re2 Bd3 34. Ke1
Rxe2+ 35. Nxe2 Bxe2 36. Kxe2 Kf8 37. Kd3 Ke7 38. Ke4 Ke6 39. a3 a5 40. g3 f5+
41. exf6 fxg3 42. hxg3 Kxf6 43. g4 h6 44. f4 gxf4 45. Kxf4 Ke6 46. a4 Kf6 47.
Ke4 Kg5 1/2-1/2

[Event "AUTO-ELITE-2442"]
[Site "http://www.queenalice.com/game.php?id=1835083"]
[Date "2024.4.13"]
[Round "2"]
[White "gmxian89"]
[Black "X128"]
[Result "1/2-1/2"]
[WhiteElo "2547"]
[BlackElo "2627"]

1. e4 c5 2. Nf3 d6 3. d4 cxd4 4. Nxd4 Nf6 5. Nc3 a6 6. Be3 e5 7. Nb3 Be6 8. f3
h5 9. Qd2 Nbd7 10. Nd5 Bxd5 11. exd5 g6 12. O-O-O Nb6 13. Qa5 Bh6 14. Bxh6 Rxh6
15. Qd2 Rh8 16. f4 exf4 17. Qxf4 Kf8 18. Bd3 Kg7 19. Nd4 Re8 20. Ne6+ fxe6 21.
Qg5 Ne4 22. Qxd8 Raxd8 23. Bxe4 Nxd5 24. Bxd5 exd5 25. Rxd5 Re2 26. Rd2 1/2-1/2

[Event "AUTO-ELITE-2445"]
[Site "http://www.queenalice.com/game.php?id=1837016"]
[Date "2024.5.17"]
[Round "2"]
[White "gmxian89"]
[Black "trompmaster"]
[Result "1-0"]
[WhiteElo "2539"]
[BlackElo "2451"]

1. e4 d6 2. Nf3 Nf6 3. Nc3 e5 4. d4 Nbd7 5. Rg1 c6 6. g4 h6 7. a3 Qa5 8. Qe2 Qb6
9. d5 cxd5 10. exd5 a6 11. Nd2 Qc7 12. h4 Nb6 13. Qf3 h5 14. g5 Bg4 15. Qg2 Nfd7
16. Nde4 Be7 17. Ng3 Nf8 18. f3 Bd7 19. Be3 Ng6 20. Nge4 Nc4 21. Bxc4 Qxc4 22.
O-O-O a5 23. a4 Nxh4 24. Qf2 Nf5 25. b3 Qc8 26. Kb2 Kf8 27. f4 exf4 28. Bxf4 g6
29. Nxd6 Bxd6 30. Bxd6+ Nxd6 31. Qf6 Kg8 32. Qxd6 Bf5 33. Qf4 Qc5 34. d6 Kg7 35.
Ne4 Bxe4 36. Qf6+ Kg8 37. d7 Qxc2+ 38. Ka1 Bd3 39. Rc1 Qxc1+ 40. Rxc1 Bf5 41.
d8=Q+ Rxd8 42. Qxd8+ Kh7 43. Qe7 Be6 44. Rc7 Bd5 45. Kb2 Rg8 46. Qd6 1-0

[Event "AUTO-ELITE-2445"]
[Site "http://www.queenalice.com/game.php?id=1837017"]
[Date "2024.5.17"]
[Round "2"]
[White "trompmaster"]
[Black "gmxian89"]
[Result "0-1"]
[WhiteElo "2458"]
[BlackElo "2540"]

1. Nf3 d5 2. c4 d4 3. b4 c5 4. Qa4+ Bd7 5. b5 Qc7 6. d3 e5 7. g3 Nf6 8. Bg2 Bd6
9. h3 O-O 10. Nbd2 a6 11. O-O h6 12. g4 Qc8 13. Qa5 Bc7 14. Qa3 Re8 15. e3 h5
16. g5 e4 17. dxe4 Bxh3 18. Bxh3 Qxh3 19. Qxc5 Qg4+ 20. Kh1 dxe3 21. Qxc7 exd2
22. Nxd2 Nxe4 23. Nxe4 Qxe4+ 24. f3 Qf5 25. Qf4 Qh3+ 26. Kg1 Re2 0-1